Návrh zabezpečenia hlbokej stavebnej jamy pre podzemné garáže

Enregistré dans:
Détails bibliographiques
Auteur principal: Kmiťová, Terézia (Auteur)
Autres auteurs: Súľovská, Monika (Directeur de thèse)
Format: Manuscrit Livre
Langue:slovaque
Publié: 2025
Sujets:
Accès en ligne:http://is.stuba.sk/zp/portal_zp.pl?podrobnosti=185019
CRZP
Tags: Ajouter un tag
Pas de tags, Soyez le premier à ajouter un tag!

MARC

LEADER 00000ntm a22000003a 4500
001 stuzp104318
003 SK-STU
005 20250725111131.8
007 ta
008 150427s2015----xo-----f-mn---000-0-slo-d
040 |a STU  |b slo 
041 0 |a slo 
100 1 |a Kmiťová, Terézia  |u 010150  |4 aut  |U SvF Stavebná fakulta  |T SvF Katedra geotechniky  |X 104397  |U V150  |Y 15  |7 104397 
242 0 1 |a Design of a deep construction pit for underground garages  |y eng 
245 1 0 |a Návrh zabezpečenia hlbokej stavebnej jamy pre podzemné garáže 
260 |c 2025 
650 4 |a bracing system  |2 eng 
650 4 |a pile wall  |2 eng 
650 4 |a excavation pit  |2 eng 
650 4 |a stability  |2 eng 
650 4 |a anchoring system  |2 eng 
650 4 |a stabilita  |2 slo 
650 4 |a rozperný systém  |2 slo 
650 4 |a kotevný systém  |2 slo 
650 4 |a pilótová stena  |2 slo 
650 4 |a stavebná jama  |2 slo 
700 1 |a Súľovská, Monika  |u 010150  |k Z8  |4 ths  |U SvF Stavebná fakulta  |T SvF Katedra geotechniky  |X 700  |U V150  |Y 15  |7 A000000700 
856 4 |u http://is.stuba.sk/zp/portal_zp.pl?podrobnosti=185019 
856 4 |u https://opac.crzp.sk/?fn=detailBiblioForm&sid=226A7A544DA3649F6D553CE9F6D0  |z CRZP